ʻIlm-i iqtiṣād / (Record no. 1698)
[ view plain ]
| 000 -LEADER | |
|---|---|
| fixed length control field | 01725cam a2200457 a 4500 |
| 001 - CONTROL NUMBER | |
| control field | data |
| 005 - DATE AND TIME OF LATEST TRANSACTION | |
| control field | 20260322212113.0 |
| 008 - FIXED-LENGTH DATA ELEMENTS--GENERAL INFORMATION | |
| fixed length control field | data |
| 035 ## - SYSTEM CONTROL NUMBER | |
| System control number | 22769051 |
| 010 ## - LIBRARY OF CONGRESS CONTROL NUMBER | |
| LC control number | 2022399379 |
| 035 ## - SYSTEM CONTROL NUMBER | |
| System control number | (OCoLC)28105867 |
| 040 ## - CATALOGING SOURCE | |
| Original cataloging agency | PUL |
| Language of cataloging | eng |
| Transcribing agency | PUL |
| Modifying agency | DLC |
| -- | OCLCF |
| -- | OCLCO |
| -- | OCLCQ |
| -- | OCLCO |
| -- | DLC |
| 042 ## - AUTHENTICATION CODE | |
| Authentication code | lccopycat |
| 050 00 - LIBRARY OF CONGRESS CALL NUMBER | |
| Classification number | HB180.P4 |
| Item number | M34 1961 |
| 066 ## - CHARACTER SETS PRESENT | |
| Alternate G0 or G1 character set | (3 |
| 100 1# - MAIN ENTRY--PERSONAL NAME | |
| Linkage | 880-01 |
| Personal name | Mahdavī, Aṣghar. |
| 245 10 - TITLE STATEMENT | |
| Linkage | 880-02 |
| Title | ʻIlm-i iqtiṣād / |
| Statement of responsibility, etc. | taqrīr-i Aṣghar Mahdavī. |
| 260 ## - PUBLICATION, DISTRIBUTION, ETC. | |
| Linkage | 880-03 |
| Place of publication, distribution, etc. | [Tehran] : |
| Name of publisher, distributor, etc. | Nashrīyāt-i Farīd, |
| Date of publication, distribution, etc. | 1340/1341- [1961 or 1962]- |
| 300 ## - PHYSICAL DESCRIPTION | |
| Extent | volumes <2> ; |
| Dimensions | 25 cm. |
| 336 ## - CONTENT TYPE | |
| Content type term | text |
| Content type code | txt |
| Source | rdacontent |
| 337 ## - MEDIA TYPE | |
| Media type term | unmediated |
| Media type code | n |
| Source | rdamedia |
| 338 ## - CARRIER TYPE | |
| Carrier type term | volume |
| Carrier type code | nc |
| Source | rdacarrier |
| 490 0# - SERIES STATEMENT | |
| Linkage | 880-04 |
| Series statement | Nashrīyāt-i ʻAbbās Farīd ; |
| Volume/sequential designation | 9 |
| 504 ## - BIBLIOGRAPHY, ETC. NOTE | |
| Bibliography, etc. note | Includes bibliographical references. |
| 505 1# - FORMATTED CONTENTS NOTE | |
| Formatted contents note | --kitāb-i 2. Darʹāmad-i millī va tawzīʻ-i ān |
| 546 ## - LANGUAGE NOTE | |
| Language note | In Persian. |
| 650 #0 - SUBJECT ADDED ENTRY--TOPICAL TERM | |
| Topical term or geographic name entry element | Economics. |
| 650 #2 - SUBJECT ADDED ENTRY--TOPICAL TERM | |
| Topical term or geographic name entry element | Economics |
| 650 #6 - SUBJECT ADDED ENTRY--TOPICAL TERM | |
| Topical term or geographic name entry element | Économie politique. |
| 650 #7 - SUBJECT ADDED ENTRY--TOPICAL TERM | |
| Topical term or geographic name entry element | economics. |
| Source of heading or term | aat |
| 650 #7 - SUBJECT ADDED ENTRY--TOPICAL TERM | |
| Topical term or geographic name entry element | Economics. |
| Source of heading or term | fast |
| Authority record control number or standard number | (OCoLC)fst00902116 |
| 880 1# - ALTERNATE GRAPHIC REPRESENTATION | |
| Linkage | 100-01/(3/r |
| a | (3egOhi,(B (3GUZQ(B. |
| 880 10 - ALTERNATE GRAPHIC REPRESENTATION | |
| Linkage | 245-02/(3/r |
| a | (3Yde(B (3GbJUGO(B / |
| c | (3JbQjQ(B (3GUZQ(B (3egOhi(B. |
| 880 ## - ALTERNATE GRAPHIC REPRESENTATION | |
| Linkage | 260-03/(3/r |
| a | [Tehran] : |
| b | (3fTQjGJ(B (3aQjO,(B |
| c | 1340/1341- [1961 or 1962]- |
| 880 0# - ALTERNATE GRAPHIC REPRESENTATION | |
| Linkage | 490-04/(3/r |
| a | (3fTQjGJ(B (3YHGS(B (3aQjO(B (3;(B |
| v | 9 |
| 906 ## - LOCAL DATA ELEMENT F, LDF (RLIN) | |
| a | 7 |
| b | cbc |
| c | copycat |
| d | 3 |
| e | ncip |
| f | 20 |
| g | y-nonroman |
| 925 0# - | |
| -- | acquire |
| -- | 1 shelf copy |
| -- | policy default |
| 955 ## - COPY-LEVEL INFORMATION (RLIN) | |
| -- | cm03 2022-09-14 v. 2 to AMED |
| 923 ## - | |
| -- | 2022 |
| -- | gift of Kevin Allan |
| 985 ## - | |
| -- | BibframePilot3 |
| -- | 2022-09-06 |
| -- | cm03 2022-09-06 |
| Withdrawn status | Lost status | Damaged status | Not for loan | Home library | Current library | Shelving location | Date acquired | Total checkouts | Full call number | Barcode | Date last seen | Price effective from | Koha item type |
|---|---|---|---|---|---|---|---|---|---|---|---|---|---|
| Springfield | Springfield | General stacks | 22/03/2026 | HB180.P4 | LOC-SPL-00041 | 22/03/2026 | 22/03/2026 | Books |